000 00784cab a2200229 4500
001 WB3215-73
008 090401t1996 xxu||||| |||| 00| 0 eng d
035 _a(Sirsi) u70040
041 _aeng
245 _aRetailers angry at lease proposals
260 _c1996
350 _a0
490 _aRetail Week
_v5 April 1996, 3(1)
520 _aA report by the Association of British Insurers` working party recommending standardised clauses for shop leases, enabling landlords to block the transfer of shop leases if they want, has enraged the retail industry.
650 _aINSTITUTIONAL INVESTORS
650 _aRETAIL INDUSTRY
650 _aRETAIL PROPERTY
650 _aSHOP LEASES
690 _aLANDLORD AND TENANT-BUSINESS TENANCIES
942 _n0
948 _c04/03/1997
999 _c44057
_d44057